[Event "Challenge"]
[Site "http://www.queenalice.com/game.php?id=892775"]
[Date "2011.1.29"]
[Round "-"]
[White "Misterbean"]
[Black "KROKUS"]
[Result "1-0"]
[WhiteElo "1873"]
[BlackElo "1578"]

1. d4 f5 2. Bg5 Nf6 3. e3 e6 4. Bd3 d5 5. Nf3 Be7 6. Ne5 g6 7. c4 c6 8. Qa4 Bd7
9. Qb3 Qb6 10. c5 Qxb3 11. axb3 Ne4 12. Bxe7 Kxe7 13. Bxe4 fxe4 14. h4 Be8 15.
g4 Nd7 16. Nxd7 Bxd7 17. h5 a6 18. Nd2 Raf8 19. hxg6 hxg6 20. Rxh8 Rxh8 21. Ke2
Rh4 22. Rg1 g5 23. f4 Kf6 24. Kf2 Kg6 25. Rg3 Kf6 26. Kg2 Be8 27. Nf1 Kg6 28.
Nh2 Kf6 29. Rh3 Rxh3 30. Kxh3 Kg6 31. fxg5 Kxg5 32. Kg3 Bg6 33. Nf1 Bf7 34. Nd2
a5 35. Nb1 Be8 36. Nc3 Bd7 37. Na2 e5 38. dxe5 Bxg4 39. b4 axb4 40. Nxb4 Be2 41.
Na2 Kf5 42. Nc1 Bf3 43. Nb3 Kxe5 44. Na5 1-0

[Event "Challenge"]
[Site "http://www.queenalice.com/game.php?id=894172"]
[Date "2011.2.1"]
[Round "-"]
[White "Misterbean"]
[Black "Omar"]
[Result "1-0"]
[WhiteElo "1763"]
[BlackElo "1711"]

1. d4 d5 2. c4 dxc4 3. Nc3 Nf6 4. Bg5 h6 5. Bh4 Nc6 6. e3 Bf5 7. Bxc4 a6 8. Nf3
b5 9. Bd3 Bxd3 10. Qxd3 e6 11. a3 Bd6 12. O-O g5 13. Bg3 Bxg3 14. fxg3 Qd6 15.
Ne4 Nxe4 16. Qxe4 f5 17. Qc2 O-O-O 18. Rac1 Rh7 19. Qxc6 Qxc6 20. Rxc6 Rd6 21.
Rfc1 Kb7 22. Rxd6 cxd6 23. Kf2 a5 24. d5 exd5 25. Nd4 b4 26. axb4 axb4 27. Rc6
Rd7 28. Ke2 f4 29. gxf4 gxf4 30. exf4 Re7+ 31. Kd3 h5 32. f5 Rc7 33. f6 Rxc6 34.
Nxc6 Kxc6 35. f7 Kb5 36. b3 h4 37. f8=Q Kc5 38. Qc8+ Kb6 39. Kd4 Kb5 40. Kxd5 h3
41. gxh3 Kb6 42. Kxd6 Kb5 43. h4 Kb6 44. Qb8+ Ka6 45. Kc5 Ka5 46. Qa7# 1-0

[Event "Challenge"]
[Site "http://www.queenalice.com/game.php?id=899919"]
[Date "2011.2.13"]
[Round "-"]
[White "Misterbean"]
[Black "Lello5907"]
[Result "1-0"]
[WhiteElo "1888"]
[BlackElo "1765"]

1. d4 Nf6 2. c4 c5 3. d5 d6 4. Nc3 e6 5. e4 e5 6. Bg5 Be7 7. Nf3 Bg4 8. h3 Bh5
9. Be2 Bg6 10. Bxf6 Bxf6 11. O-O a6 12. Qa4+ Nd7 13. Rfe1 O-O 14. a3 Be7 15.
Rac1 Nf6 16. Bd3 Nh5 17. b4 Nf4 18. Qc2 b6 19. Ne2 Bh5 20. Nxf4 exf4 21. e5 Bxf3
22. gxf3 g6 23. e6 fxe6 24. Rxe6 Rf6 25. Rce1 Ra7 26. R1e4 Qe8 27. Rxf6 Kg7 28.
Rfxf4 Qd8 29. Re6 Bh4 30. Rg4 Re7 31. Rxe7+ Qxe7 32. Bxg6 hxg6 33. Qxg6+ Kf8 34.
Qg8# 1-0

[Event "Challenge"]
[Site "http://www.queenalice.com/game.php?id=903903"]
[Date "2011.2.22"]
[Round "-"]
[White "ORNELAS"]
[Black "Misterbean"]
[Result "0-1"]
[WhiteElo "1674"]
[BlackElo "1833"]

1. e4 e5 2. Bc4 Nf6 3. d3 Nc6 4. c3 d5 5. exd5 Nxd5 6. Nf3 Bg4 7. Nbd2 Bc5 8.
O-O O-O 9. Ne4 Bb6 10. Bg5 f6 11. Nxf6+ gxf6 12. Bh6 Re8 13. d4 exd4 14. cxd4
Nxd4 15. Qd3 Bxf3 16. gxf3 Kh8 17. Rae1 Rxe1 18. Rxe1 Qg8+ 19. Kf1 Rd8 20. Re4
Qg6 21. Qd2 Nxf3 22. Ke2 Qxe4+ 23. Kd1 Nxd2 24. Kxd2 Qxc4 25. Ke1 Nf4 26. b3
Qe2# 0-1

[Event "Challenge"]
[Site "http://www.queenalice.com/game.php?id=908996"]
[Date "2011.3.5"]
[Round "-"]
[White "Misterbean"]
[Black "Omar"]
[Result "1-0"]
[WhiteElo "1988"]
[BlackElo "1672"]

1. e4 e5 2. Bc4 a6 3. Nf3 b5 4. Bb3 d6 5. h3 Bb7 6. d3 h6 7. O-O Nf6 8. a4 bxa4
9. Bxa4+ Bc6 10. c3 Bxa4 11. Qxa4+ Qd7 12. Qc4 Be7 13. Nbd2 O-O 14. d4 exd4 15.
Nxd4 c5 16. Nf5 Bd8 17. Nf3 Qc6 18. Re1 Nbd7 19. e5 d5 20. Nxh6+ gxh6 21. Qh4
Nh7 22. Qg4+ Kh8 23. Bxh6 Rg8 24. Qf5 Qe6 25. Qh5 Rg6 26. Bf4 Kg7 27. Nh4 Qxh3
28. Nf5+ Qxf5 29. Qxf5 Ndf8 30. Re3 Bg5 31. Rg3 Ne6 32. Bxg5 Nexg5 33. f4 Ne4
34. Rxg6+ fxg6 35. Qd7+ Kh6 36. Qxd5 Rf8 37. Qxe4 Rf5 38. Rxa6 c4 39. g4 Rf7 40.
Qxg6# 1-0

[Event "Challenge"]
[Site "http://www.queenalice.com/game.php?id=910594"]
[Date "2011.3.9"]
[Round "-"]
[White "Misterbean"]
[Black "jeffcom2f"]
[Result "1-0"]
[WhiteElo "1960"]
[BlackElo "1898"]

1. d4 d5 2. c4 e6 3. Nc3 Nf6 4. Bg5 Be7 5. e3 O-O 6. Nf3 Nbd7 7. cxd5 Nxd5 8.
Bxe7 Qxe7 9. Bc4 Nxc3 10. bxc3 Nb6 11. Bd3 f6 12. O-O Nd7 13. Qb3 Kh8 14. Bc4 a6
15. Rab1 Re8 16. Rfe1 c6 17. e4 b5 18. Bd3 Rb8 19. Qc2 Nb6 20. Qd2 Bb7 21. e5 c5
22. exf6 Qxf6 23. Be4 Nc4 24. Qd3 Bxe4 25. Rxe4 Nd6 26. Re5 c4 27. Qe3 Nf5 28.
Qe4 Nd6 29. Qc6 Nf7 30. Re3 e5 31. Nxe5 Nxe5 32. Qxf6 gxf6 33. dxe5 Rxe5 34.
Rxe5 fxe5 35. Rd1 b4 36. cxb4 Rxb4 37. g3 c3 38. Rc1 Rc4 39. Kf1 e4 40. Ke2 Kg7
41. f3 exf3+ 42. Kxf3 Kf6 43. Ke3 Ke5 44. Kd3 Rc6 45. Rxc3 Rxc3+ 46. Kxc3 Ke4
47. Kb4 Kf3 48. a4 Kg2 49. Ka5 Kxh2 50. Kxa6 Kxg3 51. a5 h5 52. Kb6 h4 53. a6 h3
54. a7 h2 55. a8=Q 1-0

[Event "Challenge"]
[Site "http://www.queenalice.com/game.php?id=918304"]
[Date "2011.3.28"]
[Round "-"]
[White "Nyvang"]
[Black "Misterbean"]
[Result "0-1"]
[WhiteElo "1856"]
[BlackElo "1927"]

1. d4 d5 2. Bf4 Bg4 3. h3 Bh5 4. Qd3 Nc6 5. a3 e6 6. Qg3 Rc8 7. c3 Nf6 8. Nd2
Bg6 9. f3 Bd6 10. Bxd6 Qxd6 11. Qxd6 cxd6 12. e3 a6 13. Ne2 e5 14. Ng3 O-O 15.
e4 exd4 16. c4 dxe4 17. fxe4 Rfe8 18. Bd3 d5 19. cxd5 Nxd5 20. Kf2 Nf4 21. Bc4
Na5 22. Bf1 Rc2 23. Kf3 Nxg2 24. Bxg2 Rxd2 25. Rhc1 Nb3 0-1

[Event "Challenge"]
[Site "http://www.queenalice.com/game.php?id=927645"]
[Date "2011.4.19"]
[Round "-"]
[White "gustavline"]
[Black "Misterbean"]
[Result "0-1"]
[WhiteElo "1896"]
[BlackElo "2022"]

1. e4 e5 2. Nf3 Nc6 3. Nc3 Nf6 4. Bc4 Bc5 5. d3 h6 6. O-O O-O 7. a3 d6 8. b4 Bd4
9. Bb2 Bg4 10. Rb1 Re8 11. Nb5 Bxb2 12. Rxb2 a6 13. Nc3 Nd4 14. Nb1 Nxf3+ 15.
gxf3 Bh3 16. Re1 Nh5 17. Kh1 Qh4 18. Qd2 Nf4 19. Rg1 Kh8 20. Bxf7 Rf8 21. Ba2
Rf6 22. Nc3 Rg6 23. Rg3 Bg2+ 24. Kg1 Bxf3 25. Nd5 Ne2+ 26. Qxe2 Bxe2 27. Rxg6
Rf8 28. Rg2 Rf3 29. c3 Bxd3 30. Nxc7 Qxe4 31. Rg3 Qe1+ 32. Kg2 Rxg3+ 33. hxg3
Qxc3 34. Rb3 Be4+ 35. Kh3 Qxc7 36. f3 Bd5 37. Rb2 Bxa2 38. Rxa2 Qc3 0-1

[Event "Challenge"]
[Site "http://www.queenalice.com/game.php?id=930124"]
[Date "2011.4.25"]
[Round "-"]
[White "Misterbean"]
[Black "breno33"]
[Result "1-0"]
[WhiteElo "1994"]
[BlackElo "1984"]

1. d4 e6 2. e4 c5 3. d5 Nf6 4. dxe6 fxe6 5. e5 Nd5 6. Nf3 a6 7. Bd3 Be7 8. O-O
O-O 9. c4 Nb4 10. a3 N4c6 11. Qc2 Rxf3 12. Bxh7+ Kh8 13. gxf3 Nxe5 14. Qe4 Nbc6
15. Nc3 Nd4 16. f4 Nef3+ 17. Kh1 d5 18. cxd5 exd5 19. Nxd5 Be6 20. Nxe7 Bd5 21.
Qxd5 Qxe7 22. Qh5 Qd6 23. Be4+ Qh6 24. Bxf3 1-0

[Event "Challenge"]
[Site "http://www.queenalice.com/game.php?id=936881"]
[Date "2011.5.11"]
[Round "-"]
[White "Misterbean"]
[Black "luxitano78"]
[Result "1-0"]
[WhiteElo "2059"]
[BlackElo "2087"]

1. d4 d5 2. c4 c6 3. Nc3 e5 4. dxe5 d4 5. Ne4 Qa5+ 6. Bd2 Qxe5 7. Ng3 Nf6 8. Nf3
Qd6 9. Qb3 c5 10. Rd1 Qc7 11. e3 dxe3 12. Bxe3 Be7 13. Bd3 Bg4 14. Be4 Nxe4 15.
Nxe4 Bxf3 16. gxf3 Nd7 17. Qc3 Bf6 18. Nxf6+ Nxf6 19. h3 b6 20. Rg1 Kf8 21. Rg3
Rg8 22. b3 Re8 23. Kf1 Nh5 24. Rg5 Nf4 25. Rg3 Ng6 26. Rd5 f6 27. Qd3 Re7 28.
Rd8+ Kf7 29. Qd5+ 1-0

[Event "Challenge"]
[Site "http://www.queenalice.com/game.php?id=936979"]
[Date "2011.5.11"]
[Round "-"]
[White "prego"]
[Black "Misterbean"]
[Result "0-1"]
[WhiteElo "1604"]
[BlackElo "2022"]

1. h3 e5 2. g4 Bc5 3. Nf3 e4 4. Ne5 Qh4 5. e3 d6 6. Nxf7 Kxf7 7. Bc4+ Be6 8. Be2
Ne7 9. b3 Rf8 10. Bb2 Kg8 11. Nc3 Qxf2# 0-1

[Event "Challenge"]
[Site "http://www.queenalice.com/game.php?id=945027"]
[Date "2011.6.1"]
[Round "-"]
[White "Misterbean"]
[Black "AMWAY"]
[Result "1-0"]
[WhiteElo "2022"]
[BlackElo "1907"]

1. d4 d5 2. c4 Nf6 3. Nc3 e6 4. Bg5 c6 5. e3 Bb4 6. a3 Bxc3+ 7. bxc3 Qa5 8. Qb3
Ne4 9. Nf3 Nxc3 10. Bd3 Ne4+ 11. Qb4 Qxb4+ 12. axb4 f5 13. c5 Na6 14. Rb1 b6 15.
b5 bxc5 16. bxa6 c4 17. Bxe4 dxe4 18. Ne5 Bxa6 19. O-O Rc8 20. Rfc1 h6 21. Bh4
g5 22. Bg3 O-O 23. f4 Rfd8 24. Nxc4 Bxc4 25. Rxc4 Kg7 26. fxg5 hxg5 27. Rb7+ Kg6
28. Rxa7 Rf8 29. Ra6 f4 30. Bf2 Rb8 31. Raxc6 Rb1+ 32. Rc1 Rxc1+ 33. Rxc1 Rd8
34. Rc6 Kf5 35. Kf1 f3 36. Rc5+ Rd5 37. gxf3 exf3 38. h4 gxh4 39. Bxh4 Ke4 40.
Kf2 Rxc5 41. dxc5 Kd5 42. Kxf3 e5 43. Bf6 e4+ 44. Kf4 Kxc5 45. Kxe4 1-0

[Event "Challenge"]
[Site "http://www.queenalice.com/game.php?id=949987"]
[Date "2011.6.15"]
[Round "-"]
[White "Misterbean"]
[Black "eddval"]
[Result "0-1"]
[WhiteElo "2047"]
[BlackElo "2097"]

1. d4 Nf6 2. c4 e6 3. Nc3 Bb4 4. Bg5 Bxc3+ 5. bxc3 h6 6. Bh4 b6 7. e4 g5 8. Bg3
Nxe4 9. Qf3 Bb7 10. Bd3 d5 11. Ne2 Nd7 12. cxd5 exd5 13. O-O O-O 14. Qf5 Ndf6
15. Be5 Bc8 16. Qf3 Be6 17. Bxe4 Nxe4 18. Qh5 Kh7 19. f4 Nf6 20. Qf3 Ne4 21. Qh5
Nf6 22. Bxf6 Qxf6 23. Rae1 Rae8 24. g4 Qg6 25. Ng3 Bd7 26. f5 Qxh5 27. Nxh5 f6
28. h3 Kg8 29. Kg2 Kf7 30. Kg3 Rxe1 31. Rxe1 Re8 32. Rxe8 Bxe8 33. Kf3 Ke7 34.
Ng3 c5 35. Ne2 Bb5 36. dxc5 Bxe2+ 37. Kxe2 bxc5 38. Kd3 Kd6 39. c4 d4 40. a3 Ke5
0-1

[Event "Challenge"]
[Site "http://www.queenalice.com/game.php?id=954905"]
[Date "2011.6.29"]
[Round "-"]
[White "Misterbean"]
[Black "Hyperboreo"]
[Result "0-1"]
[WhiteElo "2063"]
[BlackElo "2061"]

1. d4 Nf6 2. c4 c5 3. d5 b5 4. b3 bxc4 5. bxc4 g6 6. Nc3 Bg7 7. Nf3 d6 8. Bg5
O-O 9. e4 Bg4 10. h3 Bxf3 11. Qxf3 Nbd7 12. Rc1 Ne5 13. Qe3 Qa5 14. Be2 Rfb8 15.
O-O Rb4 16. Nb5 a6 17. Na3 Rab8 18. f4 Ned7 19. e5 dxe5 20. fxe5 Nxe5 21. Rc3
Rb2 22. Qxe5 Nd7 23. Qxe7 Qxc3 24. Qxf7+ Kh8 25. Qxd7 Rxe2 26. Qc7 Rbe8 27. Nb1
Qxc4 28. d6 Bd4+ 29. Kh1 Qd5 30. Rf7 Qxg2# 0-1

[Event "Challenge"]
[Site "http://www.queenalice.com/game.php?id=954906"]
[Date "2011.6.29"]
[Round "-"]
[White "Misterbean"]
[Black "Hyperboreo"]
[Result "1/2-1/2"]
[WhiteElo "2046"]
[BlackElo "2077"]

1. d4 Nf6 2. c4 c5 3. d5 b5 4. b3 bxc4 5. bxc4 d6 6. Nc3 g6 7. Nf3 Bg7 8. Bg5
O-O 9. e4 Nbd7 10. Bd3 Nb6 11. O-O Bg4 12. h3 Bxf3 13. Qxf3 Nfd7 14. Rac1 Ne5
15. Qe2 Qd7 16. f4 Nxd3 17. Qxd3 Rfb8 18. f5 Qd8 19. fxg6 hxg6 20. Rf2 Bd4 21.
Be3 Bxe3 22. Qxe3 Nxc4 23. Qh6 Ne5 24. Rf4 Qf8 25. Qxf8+ Kxf8 26. Rcf1 Rb2 27.
R1f2 Rab8 28. Rxb2 Rxb2 29. Kf1 Nd3 30. Rf3 Nc1 31. Rf2 Rxf2+ 32. Kxf2 Kg7 33.
Ke3 c4 1/2-1/2

[Event "Austin Powers"]
[Site "http://www.queenalice.com/game.php?id=957069"]
[Date "2011.7.5"]
[Round "-"]
[White "Misterbean"]
[Black "bobifixer"]
[Result "1/2-1/2"]
[WhiteElo "2063"]
[BlackElo "2068"]

1. d4 Nf6 2. c4 e6 3. Nc3 Bb4 4. Bg5 Bxc3+ 5. bxc3 d6 6. Nf3 Nbd7 7. e3 c6 8.
Rc1 Qa5 9. Bxf6 Nxf6 10. Rc2 O-O 11. Bd3 h6 12. O-O e5 13. e4 Bg4 14. h3 Bxf3
15. Qxf3 Qc7 16. g4 Qe7 17. h4 Nh7 18. Qg3 Kh8 19. f4 f6 20. Rcf2 exf4 21. Rxf4
Rae8 22. a4 1/2-1/2

[Event "Challenge"]
[Site "http://www.queenalice.com/game.php?id=957576"]
[Date "2011.7.6"]
[Round "-"]
[White "Misterbean"]
[Black "KLEOJ"]
[Result "0-1"]
[WhiteElo "2081"]
[BlackElo "2113"]

1. d4 Nf6 2. c4 e6 3. Nc3 Bb4 4. Bg5 O-O 5. e3 c5 6. a3 Bxc3+ 7. bxc3 d5 8. cxd5
exd5 9. Nf3 Bg4 10. Be2 Nbd7 11. O-O h6 12. Bf4 Ne4 13. c4 Ndf6 14. dxc5 Nc3 15.
Qc2 Nxe2+ 16. Qxe2 Ne4 17. Rac1 Rc8 18. cxd5 Qxd5 19. h3 Bh5 20. g4 Bg6 21. Rfd1
Qb3 0-1

[Event "Challenge"]
[Site "http://www.queenalice.com/game.php?id=989109"]
[Date "2011.9.24"]
[Round "-"]
[White "Misterbean"]
[Black "eddval"]
[Result "0-1"]
[WhiteElo "2033"]
[BlackElo "2164"]

1. d4 Nf6 2. c4 e6 3. Nc3 Bb4 4. Qc2 b6 5. a3 Bxc3+ 6. Qxc3 Bb7 7. Qg3 O-O 8.
Bh6 Ne8 9. Nf3 Qf6 10. Bg5 Qg6 11. Qxc7 Nxc7 0-1

[Event "Challenge"]
[Site "http://www.queenalice.com/game.php?id=991176"]
[Date "2011.9.29"]
[Round "-"]
[White "Misterbean"]
[Black "eddval"]
[Result "0-1"]
[WhiteElo "2033"]
[BlackElo "2101"]

1. e4 e5 2. Nf3 Nc6 3. Bc4 Nf6 4. d3 d5 5. exd5 Nxd5 6. O-O Be7 7. Re1 Qd6 8.
Bb5 Bg4 9. h3 Bh5 10. g4 Bg6 11. Nxe5 O-O 12. Bxc6 bxc6 13. Nc3 f6 14. Nxd5 cxd5
15. Nxg6 hxg6 16. Bf4 Qd7 17. Qe2 Kf7 0-1